LEADER 00871nam2-22003131i-450- 001 990002021840403321 005 20090325144544.0 035 $a000202184 035 $aFED01000202184 035 $a(Aleph)000202184FED01 035 $a000202184 100 $a20030910d1966----km-y0itay50------ba 101 0 $aeng 200 1 $aCicadelloidea$fZ. P. Metcalf 210 $aWashington$cU.S.D.A.$d1966 215 $a226 p.$d23 cm 327 0 $a15.: Iassidae/Z. P. Metcalf 461 0$1001000203009$12001$aGeneral catalogue of the Hemiptera$v6 610 0 $aCicadelloidea 610 0 $aRhynchota Homoptera 676 $a595.752 700 1$aMetcalf,$bZeno P.$085747 801 0$aIT$bUNINA$gRICA$2UNIMARC 901 $aBK 912 $a990002021840403321 952 $a61 IV F.7/06.6.15$b2126$fDAGEN 959 $aDAGEN 996 $aCicadelloidea$9405208 997 $aUNINA LEADER 01118nam 2200325 450 001 9910715459003321 005 20210330092646.0 035 $a(CKB)5470000002511454 035 $a(OCoLC)1243892984 035 $a(EXLCZ)995470000002511454 100 $a20210330d1979 ua 0 101 0 $aeng 135 $aur||||||||||| 181 $ctxt$2rdacontent 182 $cc$2rdamedia 183 $acr$2rdacarrier 200 00$aConfirmatory requirements relating to condensation oscillation loads for the Mark I containment long term program 210 1$aWashington, D.C. :$cUnited States Nuclear Regulatory Commission,$d1979. 215 $a1 online resource 225 1 $aGeneric letter ;$v79-48 300 $a"October 2, 1979." 606 $aNuclear reactors$xContainment 615 0$aNuclear reactors$xContainment. 712 02$aU.S. Nuclear Regulatory Commission, 801 0$bGPO 801 1$bGPO 906 $aBOOK 912 $a9910715459003321 996 $aConfirmatory requirements relating to condensation oscillation loads for the Mark I containment long term program$93275088 997 $aUNINA